header

Southbound (Record no. 4739)

MARC details
000 -LEADER
fixed length control field 01581nam a2200373 a 4500
082 04 - DEWEY DECIMAL CLASSIFICATION NUMBER
Classification number 811/.5409975
100 1# - MAIN ENTRY--AUTHOR NAME
Personal name Suarez, Ernest.
245 10 - TITLE STATEMENT
Title Southbound
260 ## - PUBLICATION, DISTRIBUTION, ETC. (IMPRINT)
Place of publication Columbia :
Name of publisher University of Missouri Press,
Year of publication c1999.
300 ## - PHYSICAL DESCRIPTION
Number of Pages x, 256 p. :
Other physical details ill.
650 #0 - SUBJECT ADDED ENTRY--TOPICAL TERM
Topical Term Poets, American
Topical Term American poetry
Topical Term American poetry
Topical Term Poets, American
Topical Term Poetry
700 1# - ADDED ENTRY--PERSONAL NAME
Personal name Stanford, T. W.,
Personal name Verner, Amy,
856 40 - ELECTRONIC LOCATION AND ACCESS
Uniform Resource Identifier http://site.ebrary.com/lib/rucke/Doc?id=10001737

No items available.

© 2026 Rongo University
Contact us: librarian | system librarian | Rongo university